000 00747nam1a22002171i 4500
001 rc\2351514
005 20260408071618.0
035 _a(NLR Aleph) 006476698
090 _a5991174
_c5991174
100 _a20110829d1977 |||y0rusy50 ca
101 0 _arus
102 _aRU
105 _a b |||||
200 1 _aКаталог изделий общепромышленного применения
_eДействителен...
_fМоск. приборостроит. з-д "Манометр"
210 _aМосква
_cБ. и.
_d[1977]
215 _d21
712 0 2 _a"Манометр", завод
_cМосква
_3RU\NLR\AUTH\8810053715
_9607858
801 0 _aRU
_bNLR
_gpsbo
801 1 _aRU
_bELAR
_2rusmarc
852 _aNLR
_jПт 40.8/213
942 _cBOOK